| Tag |
First Indicator |
Second Indicator |
Subfields |
| LEADER |
00000cam a2200000 4500 |
| 001 |
in00000763590 |
| 005 |
20151016171236.0 |
| 008 |
740315s1927 uk abf b 00110 eng u |
| 010 |
|
|
|a 27023974
|
| 035 |
|
|
|a (OCoLC)00831879
|
| 035 |
|
|
|9 ADJ8737AM
|
| 040 |
|
|
|c CSU
|d TXA
|d UtOrBLW
|
| 049 |
|
|
|a TXAM
|c [A12672399]
|
| 050 |
|
0 |
|a N7101
|b .T3
|
| 100 |
1 |
|
|a Tatlock, R. R.
|q (Robert Rattray),
|d 1889-1954.
|
| 245 |
1 |
0 |
|a Spanish art :
|b an introductory review of architecture, painting, sculpture, textiles, ceramics, woodwork, metalwork /
|c by R. R Tatlock, Royall Tyler [and others].
|
| 264 |
|
1 |
|a London :
|b B. T. Batsford,
|c 1927.
|
| 300 |
|
|
|a 121 pages, 2 unnumbered pages, 128 leaves of plates :
|b illustrations, map ;
|c 31cm.
|
| 336 |
|
|
|a text
|b txt
|2 rdacontent
|
| 337 |
|
|
|a unmediated
|b n
|2 rdamedia
|
| 338 |
|
|
|a volume
|b nc
|2 rdacarrier
|
| 490 |
1 |
|
|a Burlington magazine monograph ;
|v II
|
| 504 |
|
|
|a Bibliography: pages 115-121.
|
| 500 |
|
|
|a Includes index.
|
| 650 |
|
0 |
|a Art, Spanish.
|
| 700 |
1 |
|
|a Tyler, Royall,
|d 1884-1953.
|
| 830 |
|
0 |
|a Burlington magazine monograph ;
|v II.
|
| 999 |
|
|
|a MARS
|
| 999 |
f |
f |
|s b4efa764-8a25-3336-ab6f-b6aca20339e4
|i a16dcb26-c777-3021-bb41-4b8c8178da1b
|t 0
|
| 952 |
f |
f |
|p normal
|a Texas A&M University
|b College Station
|c Sterling C. Evans Library
|d Evans: Library Stacks
|t 0
|e N7101 .T3
|h Library of Congress classification
|i unmediated -- volume
|m A14812672399
|
| 998 |
f |
f |
|a N7101 .T3
|t 0
|l Evans: Library Stacks
|